Iterative solution of nonlinear equations in several variables /
Guardado en:
| Autor Principal: | |
|---|---|
| Otros Autores: | |
| Formato: | Libro |
| Idioma: | English |
| Publicado: |
New York :
Academic Press,
1970.
|
| Series: | Computer science and applied mathematics.
|
| Materias: | |
| Etiquetas: |
Agregar Etiqueta
Sin Etiquetas, Sea el primero en etiquetar este registro!
|
| LEADER | 00801nam a2200229 a 4500 | ||
|---|---|---|---|
| 001 | MAT.inmabb006044 | ||
| 008 | 700928s1970####nyu######b####001#0#eng## | ||
| 005 | 20130325181857.0 | ||
| 245 | 1 | 0 | |a Iterative solution of nonlinear equations in several variables / |c [by] J. M. Ortega and W. C. Rheinboldt. |
| 260 | |a New York : |b Academic Press, |c 1970. | ||
| 300 | |a xx, 572 p. ; |c 24 cm. | ||
| 490 | 0 | |a Computer science and applied mathematics. | |
| 504 | |a Bibliografía: p. 523-557. | ||
| 510 | 4 | |a MR, |c 42 #8686 | |
| 100 | 1 | |a Ortega, James M., |d 1932- | |
| 700 | 1 | |a Rheinboldt, Werner C. | |
| 650 | 0 | |a Iterative methods (Mathematics) | |
| 650 | 0 | |a Equations |x Numerical solutions. | |
| 084 | |a 65-02 (65H10) |2 msc2000 | ||
| 010 | |a 79107564 | ||
| 040 | |a DLC |c DLC |d DLC | ||
| 859 | |h 65 |i Or77 |p A-6568 |b BIB. MATEMATICA | ||
